000 00672cab a2200217 4500
001 WB3038-52
008 090401t1994 xxu||||| |||| 00| 0 eng d
035 _a(Sirsi) u66819
041 _aeng
245 _aPlanning permission
260 _c1994
350 _a0
490 _aEstates Gazette
_v(9440) 8 October 1994, 131(1)
520 _aDiscusses the need to apply to renew an outline planning permission and highlights "R v SoS Environment, ex parte Corby BC" (1994).
650 _aEXPIRY
650 _aOUTLINE PLANNING PERMISSION
650 _aTOWN AND COUNTRY PLANNING ACT 1990
690 _aPLANNING LAW AND PRACTICE
942 _n0
948 _c04/03/1997
999 _c41754
_d41754